00492nam a2200157Ia 4500008004100000100002100041245013300062260001100195300002100206440002600227521000900253650002100262650002200283650001900305650001000324140626s9999 xx 000 0 und d aChung, Yunhyung. 4aThe internal and external networks of knowledge-intensive terms :b the role of task routineness /cYunhyung Chung ... [et al.]. cc2013. a39 : 2, page 442 aJournal of Management aBSBA aSocial networks. aTask routineness. aTeam networks. aTeam.